000 00625nam a2200193 a 4500
005 20140310183406.0
008 121013s19uu xx 00 eng d
020 _a9780470531907
050 _aHD 30.2
_b.Ei386 2010
100 _aEiras, Jose Carlos
245 _aThe practical CIO :
_ba common sense guide for successful IT leadership /
_cJose Carlos Eiras.
260 _aHoboken, N.J. ; Chichester :
_bJohn Wiley,
_c2010.
300 _axxvii, 239 p. :
_bill.;
_c24 cm.
521 _aIT
650 _aChief information officers
650 _aInformation technology
_xManagement
942 _cBK
_2lcc
_kFOR
999 _c22403
_d22403